000 00329cam a2200133ua 4500
003 OSt
008 240326b |||||||| |||| 00| 0 eng d
041 _aeng
082 _a371.102
_bDEP/TE
245 _aTeaching as a career /
260 _aWashington :
_bUnited states printing office ,
_c1959.
300 _a34 ; .
942 _cBK
999 _c10665
_d10665